| 000 | 00525nam a22001817a 4500 | ||
|---|---|---|---|
| 005 | 20260226155442.0 | ||
| 008 | 260226b |||||||| |||| 00| 0 eng d | ||
| 020 | _a978-0-4140-7124-7 | ||
| 100 | _aBLAIR, WILLIAM | ||
| 245 | _aBULLEN & LEAKE & JACOB'S PRECEDENTS OF PLEADINGS | ||
| 250 | _a19TH EDITION | ||
| 260 |
_aLONDON _bTHOMSON REUTERS _c2020 |
||
| 300 | _aCCXXVI,1178P. | ||
| 500 | _aINCLUDES AN INDEX | ||
| 650 | _aPLEADING- ENGLAND | ||
| 700 | _aBRENNAN LORD, ROBIN JACOB, BRIAN LANGSTAFF | ||
| 942 |
_2lcc _cBK |
||
| 999 |
_c216715 _d216715 |
||